Ekonomika pestovania cukrovej repy

Enregistré dans:
Détails bibliographiques
Auteur principal: Jurášek, Prokop
Format: Livre
Langue:slovaque
Publié: Bratislava Slovenské vydavateľstvo pôdohospodárskej literatúry 1963
Collection:Poľnohospodárska ekonomika
Tags: Ajouter un tag
Pas de tags, Soyez le premier à ajouter un tag!

MARC

LEADER 00000nam a2200000 4500
001 c131815
005 20230116103230.0
041 0 |a slo 
044 |a SK 
245 1 0 |a Ekonomika pestovania cukrovej repy  |c Prokop Jurášek 
264 1 |a Bratislava  |b Slovenské vydavateľstvo pôdohospodárskej literatúry  |c 1963 
300 |a 236 s. 
490 1 |a Poľnohospodárska ekonomika 
830 0 |a Poľnohospodárska ekonomika 
100 1 |a Jurášek, Prokop